00983 2200325 4500001002100000005001500021035002500036007000300061008004100064020002200105040001700127041000800144082001600152084001800168090002200186090002100208100002300229245011800252260003000370300004900400504002900449650002900478650004000507650002300547650001300570700002000583850001200603999002100615990002100636INLIS00000000002842720190819111700 a0010-061700000000335ta170613t2017 yoia g ind d a978-979-29-6278-9 aYOPDYOGbind0 aind04223a005.262 a005.262 HEN a aDEP 005.262 HEN a aCB-D.11 2017-3450 aHening Widi Oetomo1 aAplikasi PHP & microsoft access pada bidang akuntansi & bisnis /cHening Widi Oetomo; penyunting, Putri Christian 1aYogyakarta :bAndi,c2017 axii, 92 halaman :bilustrasi, tabel ;c29 cm aBibliografi : halaman 85 4aPHP (Bahasa pemrograman) 4aMicrosoft Access (Program komputer) 4aBahasa pemrograman 4aKomputer0 aPutri Christian aYOPDYOG aCB-D.11/2017-345 aCB-D.11/2017-345